| 000 | 00927nam a2200253 a 4500 | ||
|---|---|---|---|
| 001 | BRCA_1163 | ||
| 005 | 20190320203318.0 | ||
| 008 | 920331s1990 mx-a---##b---#000-0#spa-# | ||
| 020 | _a9688590428 | ||
| 040 |
_aDLC _cDLC _dDLC |
||
| 050 | 4 |
_aNA5257.P8 _b.R93 1991 |
|
| 100 | 1 |
_aRubial García, Antonio _9363 |
|
| 245 | 1 | 0 |
_aDomus Aurea, la Capilla del Rosario de Puebla _bun programa iconográfico de la contrarreforma _cAntonio Rubial García. |
| 260 |
_aMéxico _bUniversidad Iberoamericana _c1990 |
||
| 300 |
_a123 p. _bil. a color _c31 cm. |
||
| 504 | _aBibliografía: p. 123 | ||
| 610 | 2 | 4 |
_aCapilla del Rosario (Santo Domingo : Church : Puebla, México) _93843 |
| 650 | 1 | 4 |
_aArte cristiano y simbolismo _zMéxico _942 |
| 650 | 1 | 4 |
_aArte colonial _zMéxico _93844 |
| 650 | 1 | 4 |
_aCapilla del Rosario _zPuebla _93845 |
| 650 | 1 | 4 |
_aIglesias _xDecoración y ornamentación _zMéxico _925 |
| 740 | 0 | _aDomus Aurea | |
| 942 |
_2lcc _cB |
||
| 999 |
_c1040 _d1040 |
||